000 00818nam a2200253 i 4500
001 66411
003 ES-MaACL
005 20250815132630.0
007 t|
008 040213s2001 sp ||||1| spa d
020 _a84-7774-615-X
080 _a7.072.2/.3
100 1 _aPodro, Michael.
_992714
245 1 4 _aLos historiadores del arte críticos /
_cMichael Podro ; [traducción de Rafael Guardiola].
260 _aMadrid :
_bAntonio Machado,
_cD.L. 2001.
300 _a301 p. :
_bil. ;
_c22 cm.
490 1 _aLa balsa de la medusa ;
_v115
504 _aBibliografía p.291-295. Indice.
650 7 _aCrítica artística
_2embne
_916003
700 1 _aGuardiola, Rafael.
_960325
830 0 3 _aLa balsa de la Medusa
_v115
_9178610
852 _aES-MaACL
_jL-26815
_bR.132398
999 _c66411
_d66411